000 00595nam a2200217Ia 4500
005 20250508170128.0
008 008 250505s9999 xx 000 0 eng d
020 _a978-1-1382-8373-2
037 _aTextual
040 _aFEDL
_beng
_cFEDL
041 _aeng
_2eng
084 _a121, AUD
_qFEDL
100 _aAudi Robert
245 0 _aEpistemology: A contemporary introduction to the theory of knowledge
250 _a3
260 _aLondon, UK
_bRoutledge
_c2011
300 _axix, 404p.
365 _aINR
_b18.75
942 _cTEXL
_h121, AUD
999 _c1399358
_d1399358